[Event "DEM U16 Oberhof"]
[Site "?"]
[Date "2013.05.22"]
[Round "6.12"]
[White "Sabirov, Ramil"]
[Black "Bingert, Tim Niklas"]
[Result "0-1"]
[WhiteElo "1900"]
[BlackElo "2020"]
[PlyCount "126"]
[EventDate "2013.??.??"]

1. Nf3 d5 2. b3 Bg4 3. Ne5 Bf5 4. Bb2 Nf6 5. e3 e6 6. Be2 Be7 7. O-O Nbd7 8. f4
h6 9. Bf3 Bh7 10. d3 O-O 11. Qe2 c5 12. Nd2 Nxe5 13. fxe5 Nd7 14. c4 Nb6 15. d4
Qd7 16. Rad1 Rac8 17. cxd5 Nxd5 18. Be4 Bg5 19. Bxh7+ Kxh7 20. Rf3 cxd4 21.
exd4 Bxd2 22. Qxd2 f5 23. exf6 Rxf6 24. Rxf6 Nxf6 25. Qd3+ Kg8 26. Bc1 Qf7 27.
Rf1 Qh5 28. Bd2 Nd5 29. Qe4 Re8 30. a4 Re7 31. h3 Qe8 32. Kh1 Rf7 33. Re1 Rf6
34. Re2 Qf7 35. Kh2 Qc7+ 36. g3 Qf7 37. Kg2 Qg6 38. b4 Qxe4+ 39. Rxe4 Kf7 40.
b5 Ke7 41. Rg4 Rf7 42. Re4 Kd7 43. h4 Nb6 44. a5 Nc4 45. Bb4 h5 46. g4 hxg4 47.
Kg3 Rf3+ 48. Kxg4 Rf5 49. Bc5 b6 50. axb6 axb6 51. Bf8 Rxf8 52. Kh5 Nd6 53. Re1
Rh8+ 54. Kg5 Nxb5 55. Re4 Nd6 56. Rf4 Nf5 57. d5 Rxh4 58. dxe6+ Kxe6 59. Rf2 b5
60. Re2+ Kd5 61. Rf2 g6 62. Kxg6 Nd4 63. Kg5 Re4 0-1

[Event "DEM U16 Oberhof"]
[Site "?"]
[Date "2013.05.22"]
[Round "6.13"]
[White "Hoffmann, Tim"]
[Black "Hinrichs, Lars"]
[Result "0-1"]
[WhiteElo "1922"]
[BlackElo "1993"]
[PlyCount "66"]
[EventDate "2013.??.??"]

1. e4 e6 2. d4 d5 3. Nd2 Nf6 4. e5 Nfd7 5. Bd3 c5 6. c3 Nc6 7. Ne2 cxd4 8. cxd4
f6 9. exf6 Nxf6 10. Nf3 Bd6 11. O-O Qc7 12. h3 O-O 13. Nc3 a6 14. Be3 Bd7 15.
Rc1 b5 16. a3 Rae8 17. b4 Kh8 18. Re1 Qb7 19. Ne2 e5 20. dxe5 Nxe5 21. Nxe5
Bxe5 22. Bc5 Rf7 23. Nd4 Ne4 24. Nf3 Bb8 25. Bxe4 dxe4 26. Ng5 Rf5 27. Qh5 h6
28. Bd4 Kg8 29. h4 hxg5 30. Qg6 Be5 31. Rc5 Rf6 32. Qxe8+ Bxe8 33. Bxe5 Rc6 0-1

[Event "DEM U16 Oberhof"]
[Site "?"]
[Date "2013.05.22"]
[Round "6.14"]
[White "Brinkmann, Fabian"]
[Black "Mueller, Max"]
[Result "1-0"]
[WhiteElo "1827"]
[BlackElo "1733"]
[PlyCount "85"]
[EventDate "2013.??.??"]

1. e4 c5 2. Nf3 d6 3. d4 cxd4 4. Nxd4 Nf6 5. Nc3 a6 6. Bg5 e6 7. f4 Be7 8. Qf3
Qc7 9. O-O-O Nbd7 10. g4 b5 11. Bxf6 Nxf6 12. g5 Nd7 13. f5 O-O 14. Qh5 Ne5 15.
Rg1 g6 16. Qh4 f6 17. fxe6 fxg5 18. Nd5 gxh4 19. Nxc7 Ra7 20. Nd5 Nf3 21. Nc6
Nxg1 22. Ndxe7+ Rxe7 23. Nxe7+ Kg7 24. Nxc8 Rxc8 25. Rxd6 Kf6 26. Rxa6 Re8 27.
Bxb5 Rxe6 28. Rxe6+ Kxe6 29. a4 Nf3 30. a5 Kd6 31. Be2 Ne5 32. Kd2 g5 33. b4 g4
34. a6 Kc7 35. Ke3 h5 36. Kf4 Nc6 37. c3 h3 38. b5 Nd8 39. a7 Kb7 40. b6 Nf7
41. Bc4 h4 42. Bxf7 g3 43. Bd5+ 1-0

[Event "DEM U16 Oberhof"]
[Site "?"]
[Date "2013.05.22"]
[Round "6.15"]
[White "Meyers, Mark"]
[Black "Heldt, Ronny"]
[Result "1-0"]
[WhiteElo "1940"]
[BlackElo "1858"]
[PlyCount "91"]
[EventDate "2013.??.??"]

1. c4 e6 2. g3 d5 3. Bg2 dxc4 4. Na3 c3 5. bxc3 Nf6 6. Nf3 Nbd7 7. O-O Be7 8.
Rb1 O-O 9. Nc4 Nb6 10. Nce5 c5 11. c4 Ne8 12. d3 f6 13. Ng4 Bd7 14. Ba3 Bc6 15.
Ne3 g5 16. Qc1 Ng7 17. Rd1 e5 18. Qc3 h5 19. h4 g4 20. Nd2 Bxg2 21. Kxg2 Qc7
22. Nd5 Nxd5 23. cxd5 f5 24. Qb3 Kh7 25. Qxb7 Qd6 26. Nc4 Qf6 27. Qc6 Rac8 28.
Qxf6 Bxf6 29. Rb7 Rfd8 30. e4 Kg6 31. Rdb1 Ne8 32. Rxa7 Nd6 33. Rb6 Nxc4 34.
exf5+ Kxf5 35. dxc4 Ra8 36. Rxa8 Rxa8 37. Bxc5 Rxa2 38. Be3 Ra3 39. c5 e4 40.
Rb1 Rd3 41. c6 Be5 42. Rc1 Rxe3 43. fxe3 Bc7 44. Rb1 Ke5 45. Rb7 Kd6 46. Rxc7
1-0

[Event "DEM U16 Oberhof"]
[Site "?"]
[Date "2013.05.23"]
[Round "7.1"]
[White "Ruff, Maximilian"]
[Black "Lampert, Jonas"]
[Result "0-1"]
[WhiteElo "2073"]
[BlackElo "2333"]
[PlyCount "112"]
[EventDate "2013.??.??"]

1. e4 e5 2. Nf3 Nc6 3. Bc4 Nf6 4. d3 Bc5 5. Nc3 d6 6. Bg5 h6 7. Bxf6 Qxf6 8.
Nd5 Qd8 9. c3 Ne7 10. Ne3 O-O 11. O-O Bb6 12. d4 Ng6 13. Qc2 c6 14. Rfe1 Qf6
15. Rad1 Nf4 16. Bf1 Re8 17. Kh1 h5 18. g3 Ng6 19. dxe5 Nxe5 20. Nxe5 dxe5 21.
Nf5 Bc5 22. b4 Bf8 23. h4 g6 24. Ne3 Be6 25. Bc4 a5 26. a3 axb4 27. axb4 Bxc4
28. Nxc4 Qe6 29. Qe2 b5 30. Na5 c5 31. Qxb5 cxb4 32. cxb4 Rab8 33. Qd7 Bxb4 34.
Qxe6 Rxe6 35. Rb1 Reb6 36. Nc4 Bxe1 37. Rxe1 Rb1 38. Rxb1 Rxb1+ 39. Kg2 f6 40.
Kf3 Rb3+ 41. Ke2 Kf7 42. Ne3 Ke6 43. Nc4 Rb4 44. Nd2 Kd6 45. f4 Kc5 46. Ke3 Rb2
47. Nf3 Rb3+ 48. Ke2 Rxf3 49. Kxf3 Kd4 50. g4 hxg4+ 51. Kxg4 Kxe4 52. fxe5 Kxe5
53. Kg3 f5 54. Kf3 f4 55. Kf2 Ke4 56. Ke2 f3+ 0-1

[Event "DEM U16 Oberhof"]
[Site "?"]
[Date "2013.05.23"]
[Round "7.2"]
[White "Kvetny, Mark"]
[Black "Tennert, Simon"]
[Result "1/2-1/2"]
[WhiteElo "2269"]
[BlackElo "2148"]
[PlyCount "84"]
[EventDate "2013.??.??"]

1. d4 Nf6 2. c4 c5 3. d5 e6 4. Nc3 exd5 5. cxd5 d6 6. Nf3 g6 7. Nd2 Nbd7 8. e4
a6 9. a4 Bg7 10. Be2 O-O 11. O-O Re8 12. f4 Rb8 13. Kh1 Qc7 14. e5 dxe5 15. Nc4
b5 16. d6 Qd8 17. axb5 axb5 18. Nxe5 Nxe5 19. fxe5 Nd7 20. Bxb5 Bxe5 21. Qf3
Rf8 22. Bxd7 Qxd7 23. Bh6 Bb7 24. Nd5 Qe6 25. Rad1 Rfe8 26. d7 Red8 27. Nf6+
Kh8 28. Qe3 Bxg2+ 29. Kxg2 Rxb2+ 30. Rf2 Rxf2+ 31. Qxf2 Bxf6 32. Re1 Be5 33.
Bf4 f6 34. Qxc5 Qxd7 35. Bxe5 fxe5 36. Qxe5+ Kg8 37. Qe6+ Qxe6 38. Rxe6 Kg7 39.
Re3 Rd4 40. Kg3 Ra4 41. Re7+ Kh6 42. h4 Rb4 1/2-1/2

[Event "DEM U16 Oberhof"]
[Site "?"]
[Date "2013.05.23"]
[Round "7.3"]
[White "Mueller, Constantin"]
[Black "Grunau, Christoph"]
[Result "0-1"]
[WhiteElo "1956"]
[BlackElo "2036"]
[PlyCount "86"]
[EventDate "2013.??.??"]

1. c4 c6 2. e4 d5 3. exd5 cxd5 4. d4 Nf6 5. Nc3 Nc6 6. Nf3 Bg4 7. cxd5 Nxd5 8.
Qb3 Bxf3 9. gxf3 e6 10. Qxb7 Nxd4 11. Bb5+ Nxb5 12. Qc6+ Ke7 13. Qxb5 Qd7 14.
Qe2 Rd8 15. Bg5+ f6 16. Rd1 Kf7 17. Be3 Qb7 18. O-O Bd6 19. Rd4 Bc7 20. Ne4 Bb6
21. Rc4 Nxe3 22. fxe3 Qd5 23. Kf2 Rd7 24. b4 Qh5 25. Kg2 Rhd8 26. Rc2 Rd3 27.
Nc5 Qg5+ 28. Kf2 R3d5 29. f4 Qg6 30. Ke1 Rd1+ 31. Kf2 Qxc2 32. Qxc2 R1d2+ 33.
Qxd2 Rxd2+ 34. Kf3 Rxa2 35. Rd1 Rxh2 36. Rd7+ Kg6 37. Nxe6 f5 38. Nf8+ Kh6 39.
Rd6+ Kh5 40. Ne6 Rh3+ 41. Kf2 Bxe3+ 42. Kg2 Kg4 43. Rd3 Rg3+ 0-1

[Event "DEM U16 Oberhof"]
[Site "?"]
[Date "2013.05.23"]
[Round "7.4"]
[White "Schroeder, Jan-Christian"]
[Black "Scheel, Henrik"]
[Result "1-0"]
[WhiteElo "2322"]
[BlackElo "1746"]
[PlyCount "47"]
[EventDate "2013.??.??"]

1. e4 e5 2. Nf3 Nc6 3. Bb5 a6 4. Ba4 Bc5 5. O-O b5 6. Bb3 Nf6 7. c3 O-O 8. d4
Be7 9. dxe5 Nxe4 10. Bd5 Nc5 11. Be3 Bb7 12. Qc2 Ne6 13. Qe4 Nc5 14. Bxc5 Bxc5
15. Nbd2 Rb8 16. Rfe1 Qe7 17. Rad1 Nd8 18. Bxb7 Rxb7 19. Qg4 Ne6 20. Ne4 Kh8
21. Nh4 g6 22. Nf6 d6 23. Nf5 h5 24. Qf3 1-0

[Event "DEM U16 Oberhof"]
[Site "?"]
[Date "2013.05.23"]
[Round "7.5"]
[White "Richter, Leonard"]
[Black "Bonk, Andras"]
[Result "1-0"]
[WhiteElo "1986"]
[BlackElo "2078"]
[PlyCount "133"]
[EventDate "2013.??.??"]

1. e4 c5 2. Nf3 Nc6 3. d4 cxd4 4. Nxd4 Nf6 5. Nc3 e6 6. Ndb5 Bb4 7. a3 Bxc3+ 8.
Nxc3 d5 9. exd5 exd5 10. Bg5 O-O 11. Be2 d4 12. Ne4 Qa5+ 13. b4 Qe5 14. Nxf6+
gxf6 15. Bh6 Re8 16. Kf1 Ne7 17. Bd3 Bf5 18. h4 Bxd3+ 19. Qxd3 Nf5 20. Bd2 Qe4
21. Re1 Qxd3+ 22. cxd3 Rac8 23. Rxe8+ Rxe8 24. g3 Ne7 25. Kg2 f5 26. Re1 f6 27.
b5 Kf7 28. Bb4 Nd5 29. Rxe8 Kxe8 30. Bc5 Nc3 31. a4 Nxa4 32. Bxd4 a6 33. bxa6
bxa6 34. Bxf6 Nc5 35. d4 Nd7 36. Bg5 a5 37. Bc1 Ke7 38. Kf3 Kf6 39. Bb2 Nb6 40.
d5+ Kf7 41. Kf4 Nxd5+ 42. Kxf5 a4 43. Ke4 Ne7 44. Ba3 Ng8 45. Kf5 Nf6 46. g4
Nd5 47. g5 Ne7+ 48. Ke4 Ng6 49. h5 Nh4 50. f4 Ke6 51. h6 Kf7 52. f5 Ng2 53. Bb2
Nh4 54. Bc1 Ng2 55. Kf3 Ne1+ 56. Kg4 Nd3 57. Ba3 Ne5+ 58. Kh5 Nc4 59. Bb4 a3
60. Bc3 Nd6 61. g6+ Kg8 62. f6 hxg6+ 63. Kxg6 Nf7 64. h7+ Kf8 65. Bb4+ Ke8 66.
Bxa3 Nh8+ 67. Kg7 1-0

[Event "DEM U16 Oberhof"]
[Site "?"]
[Date "2013.05.23"]
[Round "7.6"]
[White "Krause, Benedict"]
[Black "Yankelevich, Lev"]
[Result "0-1"]
[WhiteElo "2112"]
[BlackElo "2221"]
[PlyCount "104"]
[EventDate "2013.??.??"]

1. e4 c5 2. Nf3 d6 3. Bb5+ Bd7 4. Bxd7+ Qxd7 5. c4 Nc6 6. d4 cxd4 7. Nxd4 Nf6
8. Nc3 g6 9. f3 Bg7 10. Be3 O-O 11. O-O a6 12. a4 Rac8 13. b3 e6 14. Qd2 Rfd8
15. Rfd1 Qc7 16. Rac1 Qa5 17. Nde2 Nd7 18. Rb1 Nc5 19. Kh1 Qb4 20. Qc2 Qb6 21.
Na2 a5 22. Nac3 Nb4 23. Qd2 Rd7 24. Nf4 Rcd8 25. Nb5 Qc6 26. Qf2 b6 27. Bd4 Bh6
28. Ne2 e5 29. Be3 Bg7 30. Nec3 f5 31. Bxc5 bxc5 32. Nd5 Rf8 33. Qh4 Nxd5 34.
Rxd5 Bf6 35. Qh3 Bg5 36. exf5 Rxf5 37. Rbd1 Be7 38. Qg4 Bf8 39. Qe4 Rf4 40. Qd3
e4 41. fxe4 Rdf7 42. h3 Qe8 43. Re1 Qe6 44. Kg1 Bg7 45. Rxd6 Qe7 46. Rd8+ Bf8
47. e5 Qh4 48. Qe3 Qxd8 49. e6 R7f5 50. e7 Bxe7 51. Qxe7 Rf1+ 52. Kh2 Qb8+ 0-1

[Event "DEM U16 Oberhof"]
[Site "?"]
[Date "2013.05.23"]
[Round "7.7"]
[White "Koop, Thorben"]
[Black "Ott, Florian"]
[Result "1/2-1/2"]
[WhiteElo "2145"]
[BlackElo "2072"]
[PlyCount "77"]
[EventDate "2013.??.??"]

1. d4 Nf6 2. Nf3 e6 3. g3 d5 4. Bg2 b5 5. O-O Bb7 6. Ne5 Nbd7 7. c4 bxc4 8.
Nxc4 c6 9. Ncd2 c5 10. Nc4 Ba6 11. Ne5 cxd4 12. Nc6 Qb6 13. Nxd4 Be7 14. Nc3
O-O 15. Nb3 Rac8 16. Be3 Qb7 17. Bd4 Rfd8 18. f4 Nc5 19. Rf3 Nce4 20. Rc1 Qd7
21. h3 Bc4 22. Na5 Nxc3 23. bxc3 Qb5 24. Nxc4 Qxc4 25. Qd3 Qxa2 26. f5 Rc6 27.
Rff1 exf5 28. Ra1 Qc4 29. Rxa7 Qxd3 30. exd3 Bc5 31. Bxc5 Rxc5 32. Rxf5 Rxc3
33. Bxd5 Rxd3 34. Bxf7+ Kf8 35. Bc4 R3d7 36. Rxd7 Rxd7 37. g4 Rc7 38. Rf4 h6
39. Kg2 1/2-1/2

[Event "DEM U16 Oberhof"]
[Site "?"]
[Date "2013.05.23"]
[Round "7.8"]
[White "Eichstaedt, Mirko"]
[Black "Meyers, Mark"]
[Result "1/2-1/2"]
[WhiteElo "1927"]
[BlackElo "1940"]
[PlyCount "65"]
[EventDate "2013.??.??"]

1. d4 Nf6 2. Nf3 e6 3. c4 b6 4. a3 Bb7 5. Nc3 d5 6. cxd5 Nxd5 7. Qc2 Nd7 8.
Nxd5 exd5 9. Bg5 f6 10. Bf4 c5 11. e3 c4 12. Nd2 b5 13. Be2 Nb6 14. O-O Bd6 15.
Bxd6 Qxd6 16. e4 O-O 17. exd5 Bxd5 18. b3 Rac8 19. bxc4 Nxc4 20. Nxc4 Bxc4 21.
Qb2 Rfd8 22. Rfd1 Bxe2 23. Qxe2 Rc4 24. d5 Qe5 25. Qd3 Rd6 26. Re1 Rxd5 27.
Rxe5 Rxd3 28. Rxb5 Rxa3 29. Rd1 Rac3 30. Rd8+ Kf7 31. g3 Kg6 32. Ra5 Rc7 33.
Ra8 1/2-1/2

[Event "DEM U16 Oberhof"]
[Site "?"]
[Date "2013.05.23"]
[Round "7.9"]
[White "Oehne, Timo"]
[Black "Hinrichs, Lars"]
[Result "1/2-1/2"]
[WhiteElo "2027"]
[BlackElo "1993"]
[PlyCount "50"]
[EventDate "2013.??.??"]

1. d4 d5 2. Nf3 Nf6 3. g3 e6 4. Bg2 b5 5. O-O Bb7 6. Ne5 Nbd7 7. c4 bxc4 8.
Nxc4 Ba6 9. Na5 c5 10. Qa4 Qb6 11. dxc5 Bxc5 12. Nc3 O-O 13. Nb3 Rac8 14. Nxc5
Nxc5 15. Qf4 Ncd7 16. Re1 Rc4 17. Qd2 Rfc8 18. e3 Nc5 19. b3 Nxb3 20. Nxd5 Nxd2
21. Nxb6 axb6 22. Bxd2 Rc2 23. Bb4 Ng4 24. Be4 Nxf2 25. Bxc2 Rxc2 1/2-1/2

[Event "DEM U16 Oberhof"]
[Site "?"]
[Date "2013.05.23"]
[Round "7.10"]
[White "Kramer, Julian"]
[Black "Bingert, Tim Niklas"]
[Result "1/2-1/2"]
[WhiteElo "2133"]
[BlackElo "2020"]
[PlyCount "110"]
[EventDate "2013.??.??"]

1. e4 c5 2. Nf3 Nc6 3. Bb5 e6 4. O-O Nge7 5. Re1 a6 6. Bf1 d5 7. exd5 Nxd5 8.
d4 cxd4 9. Nxd4 Be7 10. Nxc6 bxc6 11. Nd2 O-O 12. Nc4 Qc7 13. Qf3 Bb7 14. Bd2
a5 15. Qg3 Qxg3 16. hxg3 Nb4 17. Rec1 c5 18. a3 Nc6 19. Bc3 Ba6 20. Rd1 Bxc4
21. Bxc4 Bf6 22. Bxf6 gxf6 23. Rd6 Ne5 24. Be2 Rfd8 25. Rad1 Rdb8 26. f4 Ng6
27. Bf3 Ra7 28. Rd8+ Rxd8 29. Rxd8+ Kg7 30. Rc8 e5 31. Rxc5 exf4 32. gxf4 Nxf4
33. b4 axb4 34. axb4 Ne6 35. Rc4 f5 36. Bd5 Kf6 37. b5 Ra1+ 38. Kf2 Rb1 39.
Bxe6 fxe6 40. Rc5 Ke7 41. c4 Kd6 42. Rc6+ Kd7 43. g3 Rb3 44. Rb6 Rc3 45. Rc6
Rb3 46. Rc5 Kd6 47. Rc8 e5 48. Rc6+ Kd7 49. Rf6 Rb4 50. Rxf5 Ke6 51. Rf3 Rxc4
52. Rb3 Kd7 53. b6 Kc8 54. b7+ Kb8 55. Ke3 h5 1/2-1/2

[Event "DEM U16 Oberhof"]
[Site "?"]
[Date "2013.05.23"]
[Round "7.11"]
[White "Knopf, Felix"]
[Black "Keller, Peter"]
[Result "0-1"]
[WhiteElo "1852"]
[BlackElo "2065"]
[PlyCount "66"]
[EventDate "2013.??.??"]

1. d4 d5 2. c4 c6 3. Nf3 Nf6 4. Nc3 dxc4 5. e3 b5 6. a4 b4 7. Na2 e6 8. Bxc4
Be7 9. O-O O-O 10. Qe2 Bb7 11. Rd1 Qb6 12. Bd2 a5 13. Nc1 Nbd7 14. Nb3 c5 15.
Rac1 Rac8 16. Be1 Rfd8 17. Nfd2 Ne4 18. f3 Nxd2 19. Rxd2 cxd4 20. exd4 Bg5 21.
Bf2 Bxd2 22. Qxd2 Bd5 23. Bxd5 exd5 24. Rxc8 Rxc8 25. Qg5 Qc6 26. h4 Nb6 27.
Nxa5 Qc1+ 28. Qxc1 Rxc1+ 29. Kh2 Rc2 30. Bg3 Rxb2 31. Nc6 Nxa4 32. Ne7+ Kf8 33.
Nxd5 b3 0-1

[Event "DEM U16 Oberhof"]
[Site "?"]
[Date "2013.05.23"]
[Round "7.13"]
[White "Brodmann, Jasper Leo"]
[Black "Sabirov, Ramil"]
[Result "0-1"]
[WhiteElo "1966"]
[BlackElo "1900"]
[PlyCount "81"]
[EventDate "2013.??.??"]

1. e4 c5 2. Nf3 e6 3. d4 cxd4 4. Nxd4 a6 5. Bd3 Nf6 6. O-O Qc7 7. Qe2 d6 8. c4
g6 9. Nc3 Bg7 10. Be3 O-O 11. Kh1 Nbd7 12. f4 b6 13. Rac1 Bb7 14. b4 Rac8 15.
a4 Qb8 16. Nb3 Rfe8 17. a5 Qa8 18. Bxb6 Nxb6 19. axb6 d5 20. c5 Nxe4 21. Nxe4
dxe4 22. Bc4 e3 23. Na5 Rcd8 24. Nxb7 Qxb7 25. Bxa6 Qe4 26. Rc4 Qa8 27. Bb5 Rd2
28. Qf3 Qa2 29. Re4 Rf2 30. Qxe3 Rxf1+ 31. Bxf1 f5 32. Rc4 e5 33. Rc1 Qb2 34.
Qc3 Qf2 35. Qc4+ Kh8 36. fxe5 Bxe5 37. Qe2 Qf4 38. g3 Qxc1 39. b7 Qc3 40. Qb5
Rd8 41. Be2 0-1

[Event "DEM U16 Oberhof"]
[Site "?"]
[Date "2013.05.23"]
[Round "7.14"]
[White "Mueller, Max"]
[Black "Kieslich, Aaron"]
[Result "1/2-1/2"]
[WhiteElo "1733"]
[BlackElo "2028"]
[PlyCount "50"]
[EventDate "2013.??.??"]

1. c4 c5 2. g3 Nf6 3. Bg2 e6 4. Nf3 Nc6 5. O-O Be7 6. Nc3 O-O 7. b3 d5 8. cxd5
exd5 9. d4 h6 10. dxc5 Bxc5 11. Bb2 Be6 12. Rc1 Be7 13. e3 Qd7 14. Qe2 Bg4 15.
Rfd1 Qf5 16. Nb5 Qh5 17. h3 Bxh3 18. Bxh3 Qxh3 19. Nc7 Rac8 20. Bxf6 Rxc7 21.
Bxe7 Rxe7 22. Rxd5 Rd7 23. Rcd1 Rfd8 24. e4 Qe6 25. Qc4 Ne7 1/2-1/2

[Event "DEM U16 Oberhof"]
[Site "?"]
[Date "2013.05.24"]
[Round "8.1"]
[White "Lampert, Jonas"]
[Black "Grunau, Christoph"]
[Result "1/2-1/2"]
[WhiteElo "2333"]
[BlackElo "2036"]
[PlyCount "47"]
[EventDate "2013.??.??"]

1. d4 d5 2. c4 c6 3. e3 Nf6 4. Nf3 Bf5 5. Nc3 e6 6. Nh4 Be4 7. f3 Bg6 8. Qb3
Qb6 9. Nxg6 hxg6 10. Bd2 Nbd7 11. O-O-O Qxb3 12. axb3 Bd6 13. h3 Nh5 14. Bd3
Ng3 15. Rhe1 Be7 16. Ne2 Bh4 17. Nxg3 Bxg3 18. Re2 O-O-O 19. Ba5 Bc7 20. Bc3
Nf6 21. Kc2 Rde8 22. f4 Rh5 23. Bd2 Bb6 24. c5 1/2-1/2

[Event "DEM U16 Oberhof"]
[Site "?"]
[Date "2013.05.24"]
[Round "8.2"]
[White "Schroeder, Jan-Christian"]
[Black "Kvetny, Mark"]
[Result "1-0"]
[WhiteElo "2322"]
[BlackElo "2269"]
[PlyCount "143"]
[EventDate "2013.??.??"]

1. e4 c5 2. Nf3 e6 3. d4 cxd4 4. Nxd4 Nf6 5. Nc3 Nc6 6. Ndb5 Bc5 7. Bf4 O-O 8.
Bc7 Qe7 9. Bd6 Bxd6 10. Qxd6 Qd8 11. Qc7 d5 12. Qxd8 Rxd8 13. exd5 exd5 14. Ne2
Bf5 15. Nbd4 Bg6 16. f3 Rac8 17. c3 Re8 18. Kf2 Nd7 19. Rd1 Nc5 20. Nf4 Nxd4
21. Rxd4 Ne6 22. Nxe6 fxe6 23. Bb5 Re7 24. Re1 Be8 25. Bd3 Bc6 26. Re5 Kf7 27.
Rf4+ Kg8 28. Rh4 g6 29. Rg4 Kg7 30. Ke3 Be8 31. Kd4 b6 32. f4 Kf6 33. Rg3 Rc5
34. b4 Rc8 35. Rge3 Bf7 36. g4 Rec7 37. Ba6 Rd8 38. h4 h5 39. g5+ Kg7 40. Re1
Rd6 41. R5e3 Kf8 42. a4 Ke7 43. Ra1 Be8 44. Ra3 Rdc6 45. Bb5 Rd6 46. Bf1 Rc8
47. Re1 Rdc6 48. a5 Kd6 49. axb6 axb6 50. Rc1 Bd7 51. Bd3 Rf8 52. Rf1 Rxf4+ 53.
Rxf4 e5+ 54. Ke3 exf4+ 55. Kxf4 Bf5 56. Bxf5 Rc4+ 57. Kg3 gxf5 58. Ra8 Rxc3+
59. Kf4 Ke6 60. Re8+ Kf7 61. Rb8 Rc4+ 62. Kxf5 Rxh4 63. g6+ Kg7 64. Rb7+ Kf8
65. g7+ Kg8 66. Kg6 Rg4+ 67. Kh6 h4 68. Rb8+ Kf7 69. Rf8+ Ke7 70. g8=Q Rxg8 71.
Rxg8 h3 72. Kg5 1-0

[Event "DEM U16 Oberhof"]
[Site "?"]
[Date "2013.05.24"]
[Round "8.3"]
[White "Tennert, Simon"]
[Black "Richter, Leonard"]
[Result "1/2-1/2"]
[WhiteElo "2148"]
[BlackElo "1986"]
[PlyCount "72"]
[EventDate "2013.??.??"]

1. e4 c5 2. Nf3 d6 3. d4 cxd4 4. Nxd4 Nf6 5. Nc3 a6 6. Rg1 e5 7. Nb3 b5 8. g4
Bb7 9. f3 b4 10. g5 bxc3 11. gxf6 cxb2 12. fxg7 bxc1=Q 13. Qxc1 Qh4+ 14. Kd1
Bxg7 15. Rxg7 Qf6 16. Rg3 Bxe4 17. Nd2 Bg6 18. Bc4 Qh4 19. Ne4 Bxe4 20. fxe4
Qxe4 21. Bf1 Nd7 22. Rb1 Qh1 23. Ke1 Qxh2 24. Qg5 Qxc2 25. Bd3 Qc3+ 26. Ke2 Rf8
27. Bf5 Qc4+ 28. Ke1 Rc8 29. Rb7 Rc7 30. Bxd7+ Kxd7 31. Qf5+ Kc6 32. Rbb3 Qc1+
33. Ke2 Qc4+ 34. Ke1 Qc1+ 35. Ke2 Qc4+ 36. Ke1 Qc1+ 1/2-1/2

[Event "DEM U16 Oberhof"]
[Site "?"]
[Date "2013.05.24"]
[Round "8.4"]
[White "Yankelevich, Lev"]
[Black "Ruff, Maximilian"]
[Result "1-0"]
[WhiteElo "2221"]
[BlackElo "2073"]
[PlyCount "91"]
[EventDate "2013.??.??"]

1. Nf3 c5 2. e4 a6 3. c3 d5 4. exd5 Qxd5 5. d4 e6 6. Bd3 Nf6 7. O-O Be7 8. dxc5
Bxc5 9. b4 Be7 10. Qe2 O-O 11. Bb2 b6 12. Nbd2 Nbd7 13. Rfd1 Bb7 14. Nf1 Qh5
15. Ng3 Qg4 16. h3 Bxf3 17. hxg4 Bxe2 18. Bxe2 Rfd8 19. a3 a5 20. Bb5 Nf8 21.
g5 Nd5 22. Ne4 Rac8 23. g3 Nc7 24. Be2 Rd5 25. f4 Rcd8 26. Kf2 Ne8 27. Kf3 Ng6
28. Rh1 Nd6 29. c4 Rf5 30. Nxd6 Rxd6 31. Rhd1 Rxd1 32. Rxd1 axb4 33. axb4 Bxb4
34. Rd8+ Nf8 35. Bd4 Ra5 36. Bxb6 Ra3+ 37. Ke4 Ra2 38. Bd3 Ra1 39. c5 Ba5 40.
Bxa5 Rxa5 41. Kd4 Ra1 42. c6 Rc1 43. Rc8 f6 44. Bc4 Kf7 45. Rxf8+ Kxf8 46. c7
1-0

[Event "DEM U16 Oberhof"]
[Site "?"]
[Date "2013.05.24"]
[Round "8.5"]
[White "Koop, Thorben"]
[Black "Mueller, Constantin"]
[Result "1/2-1/2"]
[WhiteElo "2145"]
[BlackElo "1956"]
[PlyCount "119"]
[EventDate "2013.??.??"]

1. e4 e6 2. d4 d5 3. Bd3 c5 4. c3 dxe4 5. Bxe4 Nf6 6. Bf3 Qc7 7. Ne2 Bd6 8. Na3
Bd7 9. Qb3 Bc6 10. Nb5 Qd7 11. Nxd6+ Qxd6 12. Bf4 Qe7 13. Bxc6+ Nxc6 14. dxc5
e5 15. Be3 Ng4 16. O-O O-O 17. Qc4 Nxe3 18. fxe3 Qg5 19. Rf3 Rad8 20. Raf1 Qe7
21. Ng3 g6 22. Rf6 Rd2 23. b4 e4 24. Nxe4 Ne5 25. Qb3 Re2 26. Nd6 Rxe3 27. Qd5
Rxc3 28. Qe4 b6 29. Qe1 Rc2 30. Nxf7 Nf3+ 31. R6xf3 Rxf7 32. Rxf7 Qxe1 33. Rf8+
Kg7 34. Rxe1 Kxf8 35. cxb6 axb6 36. Re6 Rxa2 37. Rxb6 Kg7 38. h3 Rb2 39. b5 Kh6
40. Rb8 Kg5 41. b6 Kh4 42. Kh2 h6 43. b7 h5 44. Rg8 Rxb7 45. Rxg6 Rb3 46. Ra6
Kg5 47. Ra5+ Kg6 48. Re5 h4 49. Kg1 Rb2 50. Kf1 Ra2 51. Re2 Ra5 52. Re4 Kg5 53.
Kf2 Ra2+ 54. Kf3 Ra3+ 55. Re3 Ra5 56. Rb3 Rf5+ 57. Ke4 Rf2 58. Rb8 Kh5 59. Rh8+
Kg5 60. Rg8+ 1/2-1/2

[Event "DEM U16 Oberhof"]
[Site "?"]
[Date "2013.05.24"]
[Round "8.6"]
[White "Keller, Peter"]
[Black "Oehne, Timo"]
[Result "1-0"]
[WhiteElo "2065"]
[BlackElo "2027"]
[PlyCount "53"]
[EventDate "2013.??.??"]

1. e4 c6 2. d4 d5 3. e5 Bf5 4. Nf3 e6 5. Be2 h6 6. O-O Ne7 7. b3 Nd7 8. c4 Ng6
9. Be3 Be7 10. Ne1 dxc4 11. bxc4 c5 12. f4 cxd4 13. Bxd4 Nh4 14. Nc3 Bh7 15.
Bf2 a6 16. Qa4 Qc7 17. Nb5 Qc8 18. Nd6+ Bxd6 19. exd6 Nf5 20. c5 O-O 21. Nd3 h5
22. Rac1 Nf6 23. Ne5 Rd8 24. Rfd1 Nh6 25. c6 Ne4 26. Bf3 b5 27. Qa3 1-0

[Event "DEM U16 Oberhof"]
[Site "?"]
[Date "2013.05.24"]
[Round "8.8"]
[White "Eichstaedt, Mirko"]
[Black "Mueller, Max"]
[Result "1-0"]
[WhiteElo "1927"]
[BlackElo "1733"]
[PlyCount "79"]
[EventDate "2013.??.??"]

1. d4 Nf6 2. Nf3 g6 3. g3 Bg7 4. Bg2 O-O 5. c4 d6 6. O-O Nbd7 7. Nc3 e5 8. e4
exd4 9. Nxd4 c6 10. Qc2 Qb6 11. Nde2 Ne5 12. b3 Be6 13. Be3 c5 14. Rad1 Rad8
15. Rd2 Rd7 16. h3 Bxc4 17. bxc4 Nxc4 18. Rd3 Nxe3 19. Rxe3 Rb8 20. Rb1 Qd8 21.
Rd3 a6 22. a4 Ne8 23. h4 Qa5 24. Bh3 Rdd8 25. Nd5 b5 26. axb5 axb5 27. Rdb3 b4
28. Ne7+ Kf8 29. Nc6 Qa6 30. Nxd8 Rxd8 31. Nf4 Nc7 32. Rxb4 cxb4 33. Qxc7 Re8
34. Rxb4 Qa1+ 35. Kg2 Qe5 36. Bd7 Ra8 37. Rb8+ Rxb8 38. Qxb8+ Ke7 39. Nd5+ Kxd7
40. Qc7+ 1-0

[Event "DEM U16 Oberhof"]
[Site "?"]
[Date "2013.05.24"]
[Round "8.9"]
[White "Hinrichs, Lars"]
[Black "Kramer, Julian"]
[Result "0-1"]
[WhiteElo "1993"]
[BlackElo "2133"]
[PlyCount "80"]
[EventDate "2013.??.??"]

1. c4 c6 2. Nf3 d5 3. g3 Nf6 4. Bg2 dxc4 5. O-O Nbd7 6. Qc2 Nb6 7. Na3 Be6 8.
Ne5 Qd4 9. Nxc6 bxc6 10. Bxc6+ Kd8 11. Nb5 Qc5 12. Bxa8 Nxa8 13. a4 Nd7 14. Rd1
a6 15. Nc3 h5 16. h4 g5 17. Qe4 Nc7 18. d4 cxd3 19. Be3 Qc4 20. Bd4 Rg8 21.
Rac1 dxe2 22. Nxe2 Qd5 23. Qc2 Qb7 24. Be5 Nd5 25. Qe4 f5 26. Qd4 Ke8 27. hxg5
Kf7 28. Nf4 Nxe5 29. Qxe5 Nxf4 30. gxf4 Qf3 31. Rd8 Qg4+ 32. Kf1 Rg6 33. Qh8
Rg8 34. Qe5 Bg7 35. Qb8 Rxd8 36. Qxd8 Qxf4 37. g6+ Kxg6 38. Rc6 Qe4 39. Qe8+
Kf6 40. Qd7 Kf7 0-1

[Event "DEM U16 Oberhof"]
[Site "?"]
[Date "2013.05.24"]
[Round "8.10"]
[White "Ott, Florian"]
[Black "Scheel, Henrik"]
[Result "1-0"]
[WhiteElo "2072"]
[BlackElo "1746"]
[PlyCount "61"]
[EventDate "2013.??.??"]

1. d4 d5 2. c4 e6 3. Nf3 Nf6 4. g3 Be7 5. Bg2 O-O 6. O-O dxc4 7. Ne5 Nc6 8.
Bxc6 bxc6 9. Nxc6 Qd6 10. Nxe7+ Qxe7 11. Qc2 e5 12. Rd1 exd4 13. Rxd4 Qe5 14.
Rxc4 Ba6 15. Bf4 Qh5 16. Rc5 Qh3 17. f3 Nh5 18. Bxc7 f5 19. Nc3 Rae8 20. Qa4 f4
21. g4 Ng3 22. Qxa6 Nxe2+ 23. Nxe2 Qxf3 24. Qc4+ Kh8 25. Rf1 Qe3+ 26. Rf2 f3
27. Ng3 Qe1+ 28. Nf1 Re4 29. Qc3 Rxg4+ 30. Bg3 Qe4 31. Rc8 1-0